LEADER 00692nab a2200145 i 4500 001 000000278235 003 CaOOAMICUS 005 20121130000000.0 008 121130n xx uu u0 0und r 013 $a29017 040 $aSeMil$bita 245 10$aOser parler de Dieu dans le monde de ce temps :$b20. anniversaire du catéchisme. - Titolo principale dalla copertina [Dossier]. - In copertina : n° 2500. 500 $a18 novembre 2012 (N° 2500). 773 0 $t[2012.$dMontrouge : Bayard, 2012.$w()210239 996 $6245$aOser parler de Dieu dans le monde de ce temps :$b20. anniversaire du catéchisme. - Titolo principale dalla copertina [Dossier]. - In copertina : n° 2500.$9(OLS)http://semarc/title/362637 LEADER 00602naa a2200145 i 4500 001 000000303590 003 CaOOAMICUS 005 20180831172802.0 008 180831n xx u000 u und u 013 $a11370 040 $aSeMil$bita 100 1 $aApel, Karl-Otto,$d<1922-2017>.$0(OLS)http://semarc/name/90057 245 13$aIl problema dell'evidenza fenomenologica alla luce di una semioti. 773 0 $tFilosofia '88.$dRoma ; Bari : Laterza, 1989.$kBiblioteca di cultura moderna$z88-420-3362-6$w()39003 996 $6245$aIl problema dell'evidenza fenomenologica alla luce di una semioti$9(OLS)http://semarc/title/379551